Art škôlka
Saved in:
| Main Author: | |
|---|---|
| Other Authors: | |
| Format: | Manuscript Book |
| Language: | Slovak |
| Published: |
Bratislava
2017
|
| Subjects: | |
| Online Access: | http://is.stuba.sk/zp/portal_zp.pl?podrobnosti=111447 |
| Tags: |
No Tags, Be the first to tag this record!
|
MARC
| LEADER | 00000ntm a22000003a 4500 | ||
|---|---|---|---|
| 001 | stuzp63738 | ||
| 003 | SK-STU | ||
| 005 | 20210201105743.5 | ||
| 007 | ta | ||
| 008 | 150427s2015----xo-----f-mn---000-0-slo-d | ||
| 040 | |a STU |b slo | ||
| 041 | 0 | |a slo | |
| 100 | 1 | |a Matkobišová, Radka |u 054140 |4 aut |U FAD Fakulta architektúry |T FA Ústav konštrukcií v architektúre a inžinierskych stavieb |X 65262 |U A4140 |Y 395 |7 65262 | |
| 242 | 0 | 1 | |a Art kindergarten |y eng |
| 245 | 1 | 0 | |a Art škôlka |
| 260 | |c 2017 |a Bratislava | ||
| 650 | 4 | |a Drevostaba |2 slo | |
| 650 | 4 | |a Umenie |2 slo | |
| 650 | 4 | |a Ihrisko |2 slo | |
| 650 | 4 | |a Škôlka |2 slo | |
| 650 | 4 | |a Učebňa |2 slo | |
| 650 | 4 | |a Príroda |2 slo | |
| 650 | 4 | |a Playground |2 eng | |
| 650 | 4 | |a Wooden house |2 eng | |
| 650 | 4 | |a Nature |2 eng | |
| 650 | 4 | |a Kindergarten |2 eng | |
| 650 | 4 | |a Art |2 eng | |
| 650 | 4 | |a Classroom |2 eng | |
| 700 | 1 | |a Alexy, Andrej |u 054140 |k Z8 |4 ths |U FAD Fakulta architektúry |T FA Ústav konštrukcií v architektúre a inžinierskych stavieb |X 4185 |U A4140 |Y 395 |7 A000004185 | |
| 856 | 4 | |u http://is.stuba.sk/zp/portal_zp.pl?podrobnosti=111447 |u https://opac.crzp.sk/?fn=detailBiblioForm&sid=85D30AFD358849054C99B34E20A9 | |